Écoles et courants littéraires (notice n° 2197965)
[ vue normale ]
| 000 -LEADER | |
|---|---|
| fixed length control field | 01303cam a2200133 4500500 |
| 005 - DATE AND TIME OF LATEST TRANSACTION | |
| control field | 20260405085503.0 |
| 041 ## - LANGUAGE CODE | |
| Language code of text/sound track or separate title | fre |
| 042 ## - AUTHENTICATION CODE | |
| Authentication code | dc |
| 100 10 - MAIN ENTRY--PERSONAL NAME | |
| Personal name | Stalloni, Yves |
| Relator term | author |
| 245 00 - TITLE STATEMENT | |
| Title | Écoles et courants littéraires |
| 260 ## - PUBLICATION, DISTRIBUTION, ETC. | |
| Name of publisher, distributor, etc. | Armand Colin,<br/> |
| Date of publication, distribution, etc. | 2015.<br/> |
| 520 ## - SUMMARY, ETC. | |
| Summary, etc. | Victime du discrédit dont a été l’objet, jusqu’à un passé récent, l’histoire littéraire, l’étude des écoles et courants littéraires a été délaissée car jugée trop schématique ou réductrice. Or cette manière de décrire la littérature peut constituer une approche féconde que la critique moderne redécouvre et que l’enseignement des lettres ne peut ignorer. En interrogeant la formation d’un mouvement littéraire, de la Pléiade à l’Oulipo, sa définition, sa chronologie, ses représentants, ses textes fondateurs, ses œuvres emblématiques mais aussi les rapports qu’il entretient avec des sensibilités voisines ou opposées, l’auteur propose un parcours précis et pertinent de la littérature française du Moyen Âge à nos jours. Cette troisième édition, revue et corrigée, propose de nouveaux développements sur la littérature du Moyen Âge. |
| 856 41 - ELECTRONIC LOCATION AND ACCESS | |
| Uniform Resource Identifier | <a href="https://shs.cairn.info/ecoles-et-courants-litterairestion--9782200601751?lang=fr&redirect-ssocas=7080">https://shs.cairn.info/ecoles-et-courants-litterairestion--9782200601751?lang=fr&redirect-ssocas=7080</a> |
Pas d'exemplaire disponible.




Réseaux sociaux